| 000 | 00400nam a2200145 a 4500 | ||
|---|---|---|---|
| 020 | _a0697128938 | ||
| 040 | _cDLC | ||
| 082 | 0 | 0 | _a320 BRO 1993 A076 Or. |
| 100 | 1 | _aPynn, Ronald E. | |
| 245 | 1 | 0 |
_aAmerican politics : _bchanging expectations / |
| 250 | _a4th ed. | ||
| 260 |
_aMadison, Wis. : _bBrown & Benchmark Publishers, _cc1993. |
||
| 300 |
_axiii, 465 p. : _bill., maps ; _c28 cm. |
||
| 942 | _cEK | ||
| 999 |
_c15457 _d15457 |
||